000 00747nam a2200217 a 4500
001 BRCA_942
005 20190320203220.0
008 910812s1988 ---a---##b---#000-0#eng-#
020 _a0890900507
040 _aDLC
_cDLC
_dDLC
050 4 _aNK1710
_b.W37 1988
100 1 _aWarren, David B.
_93115
245 1 0 _aBayou Bend
_bthe interiors and the gardens
_cDavid B. Warren ; director Bayou Bend.
260 _aHouston
_bThe Museum of Fine Arts
_c1988
300 _a95 p.
_bil. (algunas a color)
_c28 cm.
500 _aCatálogo de la exposición realizada en The Museum of Fine Arts (Houston), 1988
650 1 4 _aDecoración de interiores
_vCatálogos
_93116
650 1 4 _aJardines
_vCatálogos
_93117
700 1 _aBend, Bayou
_93118
942 _2lcc
_cB
999 _c831
_d831